| 000 | 00459cam a2200181ua 4500 | ||
|---|---|---|---|
| 020 | _c1.00 | ||
| 041 |
_amal _h |
||
| 082 |
_a894.812301 _bPAD/AS |
||
| 100 | _aPadmanabhakkammatti, G . | ||
| 245 |
_aAshrudhara / _cG Padmanabhakkammatti. _hTextual Documents |
||
| 250 |
_a1 / _b. |
||
| 260 |
_aThuravoor : _bSree Narasimha Vilasam Book Depot , _c1968. |
||
| 300 | _a73 ; . | ||
| 365 | _a1.00 | ||
| 504 | _a | ||
| 942 | _cBK | ||
| 999 |
_c12589 _d12589 |
||